00682nam a2200205 i 4500001001000000003000900010005001700019007000300036008004100039040003000080082001400110100003500124245009300159264007900252300002600331336002700357337003300384338002800417504003100445000038818DO-SdBNP20240229073955.0ta130425s1980 dr 000 0 spa d aDO-SdBNPbspacBNPHUerda 4222bV422e1 aVega, Bernardo,d1938 -eautor10aEvaluación de la administración de las empresas de Corde 1962-1977 /cBernardo Vega. aSanto Domingo :bAcademia de Ciencias de la República Dominicana,c1980. a144 paginas ;c23 cm. 2rdacontentatextobtxt 2rdamediaasin mediaciónbn 2rdacarrieravolumenbnc aBibliografía : p. 59 -60